000
00285nam a22001337a 4500
008
181121b xxu||||| |||| 00| 0 eng d
020
_a
9781121838369
041
_a
eng
080
_a
370
100
_a
48
101
_a
EDU
245
_a
Broward College
_c
Michael.K
942
_2
udc
_c
BK
999
_c
52276
_d
52276